Catálogo
 En Linea

Rui Barbosa : (Registro nro. 1674)

Detalles MARC
000 -CABECERA
campo de control de longitud fija 00689nam a2200181 u 4500
001 - NÚMERO DE CONTROL
campo de control 000001797
005 - FECHA Y HORA DE LA ÚLTIMA TRANSACCIÓN
campo de control 20200929145715.0
008 - DATOS DE LONGITUD FIJA--INFORMACIÓN GENERAL
campo de control de longitud fija 090715s1999 bl o 000 0 por d
020 ## - NÚMERO INTERNACIONAL ESTÁNDAR DEL LIBRO
Número Internacional Estándar del Libro 8570042078
040 ## - FUENTE DE LA CATALOGACIÓN
Centro catalogador/agencia de origen DO-SdBNP
Lengua de catalogación spa
Centro/agencia transcriptor BNPHU
082 ## - NÚMERO DE LA CLASIFICACIÓN DECIMAL DEWEY
Número de clasificación 923.2
Número de documento/Ítem B238
245 00 - MENCIÓN DE TÍTULO
Título Rui Barbosa :
Resto del título fotobiografia /
Mención de responsabilidad, etc. [projeto, seleção de imagens e frases de Rui Barbosa, Mario Brockmann Machado.
260 ## - PUBLICACIÓN, DISTRIBUCIÓN, ETC.
Lugar de publicación, distribución, etc. [Rio de Janeiro] :
Nombre del editor, distribuidor, etc. Fundação Casa de Rui Barbosa : Fundação Banco do Brasil,
Fecha de publicación, distribución, etc. 1999.
300 ## - DESCRIPCIÓN FÍSICA
Extensión 119 p.
600 14 - PUNTO DE ACCESO ADICIONAL DE MATERIA--NOMBRE DE PERSONA
Nombre de persona BARBOSA, RUI
Fechas asociadas al nombre 1849-1923
Subdivisión de forma OBRAS ILUSTRADAS
9 (RLIN) 5835
650 #4 - PUNTO DE ACCESO ADICIONAL DE MATERIA--TÉRMINO DE MATERIA
Término de materia o nombre geográfico como elemento de entrada Políticos
Subdivisión geográfica Brasil
Subdivisión general Biografias
-- Obras ilustradas
9 (RLIN) 5836
910 ## - DATOS DE OPCIÓN DEL USUARIO (OCLC)
Datos de opción del usuario Validado. Control de calidad MFF
Existencias
Estado de retiro Estado de pérdida Restricciones de uso No para préstamo Código de colección Localización permanente Ubicación/localización actual Ubicación en estantería Fecha de adquisición Número de inventario Total de préstamos Signatura topográfica completa Código de barras Fecha visto por última vez Precio válido a partir de Tipo de ítem Koha
    Préstamo interno   Monografías: Libros y Folletos General General En catalogación 29.06.2009 LF1   923.2 B238 1797-10 25.06.2020 25.06.2020 Préstamo interno

Con tecnología Koha